Techniques in fish immunology-2
Na minha lista:
| Formato: | Livro |
|---|---|
| Idioma: | Undetermined |
| Publicado em: |
Fair Haven, NJ
SOS Publications
1992
|
| Assuntos: | |
| Tags: |
Adicionar Tag
Sem tags, seja o primeiro a adicionar uma tag!
|
| Thư viện lưu trữ: | Trung tâm Học liệu Trường Đại học Cần Thơ |
|---|
| LEADER | 00545nam a2200181Ia 4500 | ||
|---|---|---|---|
| 001 | CTU_160265 | ||
| 008 | 210402s9999 xx 000 0 und d | ||
| 082 | |a 597.029 | ||
| 082 | |b T255/F2 | ||
| 245 | 0 | |a Techniques in fish immunology-2 | |
| 245 | 0 | |c Editors Joanne S. Stolen...[et al.] | |
| 260 | |a Fair Haven, NJ | ||
| 260 | |b SOS Publications | ||
| 260 | |c 1992 | ||
| 650 | |a Fishes,Immunology,Cá | ||
| 650 | |x Immunology,Technique,Sự làm miễn dịch | ||
| 904 | |i Năm | ||
| 980 | |a Trung tâm Học liệu Trường Đại học Cần Thơ | ||